Total organizational excellence achieving world-class performance

Guardado en:
Detalles Bibliográficos
Autor principal: Oakland, John S.
Formato: Libro
Lenguaje:inglés
Publicado: London Butterworth-Heinemann 2000
Edición:repr.
Materias:
Etiquetas: Agregar Etiqueta
Sin Etiquetas, Sea el primero en etiquetar este registro!

MARC

LEADER 00000nam a2200000 4500
001 c132813
005 20221221083802.1
020 |a 0-7506-3209-7 
041 0 |a eng 
044 |a GB 
245 1 0 |a Total organizational excellence  |b achieving world-class performance  |c John S. Oakland 
250 |a repr. 
264 1 |a London  |b Butterworth-Heinemann  |c 2000 
300 |a 271 s. 
610 2 0 |a manažment 
610 2 0 |a riadenie vrcholové 
610 2 0 |a plánovanie strategické 
610 2 0 |a vedenie 
610 2 0 |a riadenie kvality 
610 2 0 |a systémy riadenia 
610 2 0 |a benchmarking 
610 2 0 |a práca tímová 
100 1 |a Oakland, John S.